000 00226nam a2200097Ia 4500
008 190216s9999||||xx |||||||||||||| ||und||
100 _aNull
245 0 _aHindi-Oorvashi Mem Katha Dhyay
260 _bBright Careers
942 _cBK
999 _c18051
_d18051